Le livre des filles (Record no. 10166)
[ view plain ]
| 000 -LEADER | |
|---|---|
| fixed length control field | 00308nam a2200109 4500 |
| 008 - FIXED-LENGTH DATA ELEMENTS--GENERAL INFORMATION | |
| fixed length control field | b xx# fre u |
| 040 ## - CATALOGING SOURCE | |
| Original cataloging agency | LB-BrCRDP |
| 082 1# - DEWEY DECIMAL CLASSIFICATION NUMBER | |
| Classification number | 745.59 |
| Item number | LIV |
| 245 13 - TITLE STATEMENT | |
| Title | Le livre des filles |
| Remainder of title | Activité Bricolage Création |
| 942 ## - ADDED ENTRY ELEMENTS (KOHA) | |
| Koha item type | Books |
| Withdrawn status | Lost status | Source of classification or shelving scheme | Damaged status | Not for loan | Home library | Current library | Shelving location | Date acquired | Source of acquisition | Cost, normal purchase price | Total Checkouts | Full call number | Barcode | Date last seen | Copy number | Price effective from | Koha item type |
|---|---|---|---|---|---|---|---|---|---|---|---|---|---|---|---|---|---|
| Dewey Decimal Classification | مكتبة دار المعلمين و المعلمات - طرابلس | مكتبة دار المعلمين و المعلمات - طرابلس | Salle de Lecture | 10/03/2007 | Ambassade de France | 0.00 | 745.59 LIV | CRT1465 | 07/27/2016 | 1 | 07/27/2016 | Books |